Assesing the State of Web Journalism (Record no. 4024)

MARC details
000 -LEADER
fixed length control field 00411nam a22001697a 4500
005 - DATE AND TIME OF LATEST TRANSACTION
control field 20160625135427.0
008 - FIXED-LENGTH DATA ELEMENTS--GENERAL INFORMATION
fixed length control field 160625b xxu||||| |||| 00| 0 eng d
020 ## - INTERNATIONAL STANDARD BOOK NUMBER
ISBN 81-7273-208-2
041 ## - LANGUAGE CODE
Language code of text/sound track or separate title eng
082 ## - DEWEY DECIMAL CLASSIFICATION NUMBER
Item number 10218
100 ## - MAIN ENTRY--AUTHOR NAME
Personal name Nath. Shyam
245 ## - TITLE STATEMENT
Title Assesing the State of Web Journalism
260 ## - PUBLICATION, DISTRIBUTION, ETC. (IMPRINT)
Name of publisher Authours Press
Year of publication 2005
300 ## - PHYSICAL DESCRIPTION
Number of Pages 309
650 ## - SUBJECT ADDED ENTRY--TOPICAL TERM
Topical Term Mass Communication
942 ## - ADDED ENTRY ELEMENTS (KOHA)
Koha item type Books
Holdings
Lost status Damaged status Home library Current library Shelving location Date acquired Cost, normal purchase price Full call number Accession Number Koha item type
    JRU Library   SHELF-32-G 25/06/2016 300.00 10218 10218 Books
    JRU Library   SHELF-32-H 25/06/2016 300.00 10218 10219 Books